Určenie optimálnej výšky pokút pri kartelových dohodách diplomová práca

Saved in:
Bibliographic Details
Main Author: Kališ, Richard, 1991-
Corporate Author: Národohospodárska fakulta EU. Katedra hospodárskej politiky
Other Authors: Lábaj, Martin, 1982-
Format: Book
Language:Slovak
Published: Bratislava 2016
Tags: Add Tag
No Tags, Be the first to tag this record!

MARC

LEADER 00000nbm a2200000 4500
001 0217830
005 20170201142838.1
041 0 |a slo 
044 |a SK 
245 1 0 |a Určenie optimálnej výšky pokút pri kartelových dohodách  |b diplomová práca  |c Richard Kališ ; školiteľ: Martin Lábaj 
264 1 |a Bratislava  |c 2016 
300 |a 61 s. 
100 1 |a Kališ, Richard, 1991- 
700 1 |a Lábaj, Martin, 1982- 
710 2 |a Národohospodárska fakulta EU. Katedra hospodárskej politiky